LEADER 00753nam a2200205 4500 001 000000355975 003 CaOOAMICUS 005 20231027144934.0 008 231027s1994 it a 000 u ita r 040 $aSeMil$bita 245 10$a[Vol. 1]. 264 1$aMilano :$bFenice 2000,$c1994. 300 $a343 p. :$briccamente ill. ;$c30 cm 773 0 $tOttocento italiano.$dMilano : Fenice 2000, 1994-1995.$kCataloghi d'arte della Fenice$g1$w()355974 850 $aSeMil 852 $aSeMil$W1$xVenegono$y1$m5W X 66$j244524$B247154$CSeMilBibl$Z2$F247154 $81 961 $aPerego don Stefano - Omaggio 996 $6245$a[Vol. 1]$9(OLS)http://semarc/title/68439 996 $6264$aMilano :$bFenice 2000$9(OLS)http://semarc/publisher/46194 LEADER 00722nam a2200193 i 4500 001 000000239927 003 CaOOAMICUS 005 20150320000000.0 008 150320s1841 it u000 u ita u 013 $a218832 040 $aSeMil$bita 245 10$aVol. 10. 300 $a318 p. 773 0 $aMoroni Romano, Gaetano$tDizionario di erudizione storico-ecclesiastica da s. Pietro sino ai nostri giorni specialmente intorno ai principali santi ....$dIn Venezia : Tipografia Emiliana, 1840.$g10$w()31604 850 $aSeMil 852 $aSeMil$W1$xVenegono$y1$m3D III 39 FA$j190273$B190273$CSeMilBibl$Z2$F201122 $8I 941 1 $a10 961 $aRecupero: Mantegazza 996 $6245$aVol. 10$9(OLS)http://semarc/title/111150